Normal view
MARC view
- Devenney, James
Entry Personal Name
001 - CONTROL NUMBER
- control field: 128326
003 - CONTROL NUMBER IDENTIFIER
- control field: NUST
005 - DATE AND TIME OF LATEST TRANSACTION
- control field: 20250315160159.0
008 - FIXED-LENGTH DATA ELEMENTS
- fixed length control field: 250315|| aca||aabn | a|a d
040 ## - CATALOGING SOURCE
- Original cataloging agency: NUST
- Transcribing agency: NUST
100 ## - HEADING--PERSONAL NAME
- Personal name: Devenney, James
670 ## - SOURCE DATA FOUND
- Source citation: Work cat.: (NUST): Devenney, James , Contract, Tort and Restitution Statutes 2012-2013 /, 2017.
